000 005180000a22001930004500
001 2035
003 CO-MdFUSB
005 20170627193508.0
008 170627b xxu||||| |||| 00| 0 eng d
020 _a958-04-9168-2
040 _cCO-MdBIC
082 0 4 _a863C L59l2r
100 1 _aJordan, Apple
245 1 0 _aEl rey koala / Apple Jordan ; edición Carolina Vanegas Klein ; diseño Wilson Giral Tibaquirá
260 _aBogotá : Grupo Editorial Norma
300 _a32 P.
650 1 4 _aHistorieta
942 _cLGB
999 _c49185
_d49185